000 00422nam a2200169 a 4500
001 5420
003 CO-ViMGA
008 141112s2004 ck r 000 u spa d
040 _aCO-ViMGA
_bspa
_cCO-ViMGA
082 0 4 _a196 B15c7
100 1 _aBalmes, Jaime Luciano
_93723
245 1 0 _aEl criterio
260 _aBogotá :
_bPanAméricana,
_c1987
300 _a207 p
650 1 4 _aFILOSOFIA ESPAÑOLA
_93724
942 _2ddc
_cBK
999 _c17408
_d17408